[Event "Portugalete Bizkaia-ch U20"]
[Site "Portugalete"]
[Date "2017.12.29"]
[Round "3.1"]
[White "Carazo Fernandez, Alexander"]
[Black "Ruiz Macias, Javier"]
[Result "1/2-1/2"]
[WhiteElo "1648"]
[BlackElo "1725"]
[PlyCount "89"]
[EventDate "2017.12.27"]
[EventType "tourn"]
[EventRounds "5"]
[EventCountry "ESP"]
[SourceTitle "EXT 2024"]
[Source "ChessBase"]
[SourceDate "2023.10.10"]
[SourceVersion "1"]
[SourceVersionDate "2023.10.10"]
[SourceQuality "1"]

1. e4 c6 2. d4 d5 3. Nc3 dxe4 4. Nxe4 Nd7 5. Nf3 Ngf6 6. Nc3 e6 7. Bd3 Qc7 8. 0-0 Bd6 9. Qe2 0-0 10. Ne4 Bf4 11. Nfd2 Bxh2+ 12. Kh1 Bf4 13. g3 Bxd2 14. Bxd2 Re8 15. Bg5 Nxe4 16. Qxe4 Nf8 17. Bf4 Qe7 18. Rae1 b6 19. Bd2 Bb7 20. Qg4 c5+ 21. Kg1 cxd4 22. Re5 Ng6 23. Rh5 Qf6 24. Qh3 Ne5 25. Rxe5 Qxe5 26. Qxh7+ Kf8 27. Bb4+ Qc5 28. Bxc5+ bxc5 29. Be4 Rab8 30. Bxb7 Rxb7 31. b3 f6 32. Qh8+ Kf7 33. Qh5+ g6 34. Qxc5 Rd7 35. Rd1 Red8 36. b4 e5 37. Rd3 e4 38. Ra3 d3 39. Qc4+ Kg7 40. cxd3 exd3 41. Qc1 d2 42. Qd1 Rc7 43. Kf1 Rc1 44. Ke2 Rxd1 45. Kxd1 1/2-1/2